Responses for Show #4491 - Monday, March 1, 2004

(Sofia: Some of the finest examples of German engineering, when we visit the BMW Museum, next on Jeopardy!)

Contestants

[<< previous game]

Vince Valle, a foreign service officer from Arlington, Virginia

Jennifer Godwin, a copy editor from Los Angeles, California

Patrick Macaraeg, a software engineer from Largo, Florida (whose 2-day cash winnings total $45,001)

[next game >>]

Jeopardy! Round responses

OLD BUSINESS
CLASSIC SITCOM EPISODES
SPRINGS ON THE MAP
"D" DAY
ANIMAL PLANET
FOOD FOR THOUGHT
    $200 6
pharmacists

Jennifer
    $200 1
M*A*S*H

Patrick
    $200 11
Palm Springs

Triple Stumper
    $200 18
dummies

Vince
    $200 26
claws

Jennifer
    $200 13
toast

Patrick
    $400 7
Standard Oil

Patrick
    $400 2
Bewitched

Patrick
    $400 12
Alice Springs

Vince
    $400 19
Dilbert

Patrick
    $400 27
garter snake

Triple Stumper
    $400 14
a hot potato

Jennifer
    $600 8
UPS (United Parcel Service)

Jennifer
    $600 3
Good Times

Patrick
    $600 20
Warm Springs

Jennifer
    $600 23
(Jennifer: What is a duck noisemaker...a [*]?)

a duck call

Jennifer
    $600 28
a skunk

Jennifer
    $600 15
your noodle

Patrick
    $1,100 9
State Farm

Jennifer
    $800 4
Laverne and Shirley

Jennifer
    $800 21
Colorado Springs

Patrick
    $800 24
(Alex: With a minute to go now.)

Bob Dole

Patrick
    $800 29
a seal

Jennifer
    $800 16
a donut

Jennifer
    $1000 10
(Vince: Who is Edison?)

George Westinghouse

Vince
Triple Stumper
    $1000 5
Fawlty Towers

Triple Stumper
    $1000 22
(Jennifer: What is Running Springs?)

Saratoga Springs

Jennifer
Triple Stumper
    $1000 25
the Doppler effect

Vince
    $1000 30
a dachshund

Jennifer
    $1000 17
the breadbasket

Vince

Scores at the first commercial break (after clue 15):

Patrick Jennifer Vince
$2,400 $3,100 -$600

Scores at the end of the Jeopardy! Round:

Patrick Jennifer Vince
$4,400 $6,700 $1,600

Double Jeopardy! Round responses

EARLY AMERICAN HISTORY
BORN NORTH OF THE BORDER, EH?
BMW
NAMES IN MEDICINE
IT'S A CONSPIRACY!
ADD A LETTER
(Alex: Each correct response will be a single letter, not the new word; remember that!)
    $400 6
Texas

Patrick
    $400 20
Monty Hall

Patrick
    $400 16
a propeller

Vince
    $400 1
hemophilia

Jennifer
    $400 11
Sirhan Sirhan

Patrick
    $800 7
the Mississippi

Jennifer
    $800 22
HAL

Patrick
    $800 17
"The Ultimate Driving Machine"

Triple Stumper
    $800 2
Hodgkin

Jennifer
    $800 12
(Karen) Silkwood

Patrick
    $1200 8
(Patrick: Who is Stuyversant?)

Peter Stuyvesant

PatrickJennifer
    $1200 23
(Alex: With a minute to go.)

Guy Lombardo

Vince
    $1200 18
the jet engine

Jennifer
    $3,900 3
E. coli

Jennifer
    $1200 13
Jack Ruby

Patrick
    $1600 9
indentured servants

Vince
    $1600 24
(Dan) Aykroyd

Patrick
    $1600 19
a roadster

Triple Stumper
    $1600 4
Joseph (Lister)

Vince
    $1600 14
Wernher von Braun

Vince
    $1600 27
[The end-of-round signal sounds.]

I (simile)

Patrick
    $2000 10
(Patrick: What is The Saturday Evening Post?)

the Pennsylvania Gazette

Patrick
Triple Stumper
    $2000 25
(Art) Linkletter

Patrick
    $2000 21
the Paris-to-Dakar Rally

Jennifer
    $2000 5
(Sir Charles) Bell

Jennifer
    $2000 15
Guy Fawkes

Vince
    $8,700 26
G (magma)

Patrick

Scores at the end of the Double Jeopardy! Round:

Patrick Jennifer Vince
$19,100 $19,000 $10,000

[wagering suggestions for these scores]

Final Jeopardy! Round responses

SPORTS SUPERLATIVES
VinceWho is Billie Jean King?
$1,000
JenniferWho is Sampras?
$1,001
PatrickWho is Navratilova
$18,901
Martina Navratilova

Final scores:

Patrick Jennifer Vince
$38,001 $17,999 $9,000
3-day champion: $83,002 2nd place: $2,000 3rd place: $1,000

Game dynamics:

Coryat scores:

Patrick Jennifer Vince
$12,400 $16,000 $10,000
19 R
(including 1 DD),
2 W
20 R
(including 2 DDs),
1 W
10 R,
1 W

Combined Coryat: $38,400

[game clues] [game scores] [suggest correction]

Game tape date: 2003-12-03
The J! Archive is created by fans, for fans. Scraping, republication, monetization, and malicious use prohibited; this site may use cookies and collect identifying information. See terms. The Jeopardy! game show and all elements thereof, including but not limited to copyright and trademark thereto, are the property of Jeopardy Productions, Inc. and are protected under law. This website is not affiliated with, sponsored by, or operated by Jeopardy Productions, Inc. Join the discussion at JBoard.tv.